| 000 | 01566nam a2200445 c 4500 | ||
|---|---|---|---|
| 999 |
_c51153 _d51153 |
||
| 001 | 51153 | ||
| 003 | ES-MaCES | ||
| 005 | 20250526142659.0 | ||
| 007 | cr ||||||||||| | ||
| 008 | 190219s2018 sp ||| ||spa d | ||
| 017 |
_aNA 2788-2018 _bDL |
||
| 020 | _a9788413083483 | ||
| 020 | _a9788413083506 (electrónico) | ||
| 040 |
_aES-MaCES _bspa _cES-MaCES |
||
| 100 | 1 |
_936583 _aTaléns Visconti, Eduardo Enrique |
|
| 245 | 1 | 3 |
_aEl Fondo de Garantía Salarial a la luz de la Jurisprudencia reciente _cEduardo Enrique Taléns Visconti |
| 250 | _a1ª ed | ||
| 260 |
_aCizur Menor (Navarra) _bThomson Reuters-Aranzadi _c2018 |
||
| 300 |
_a195p. _c24 cm |
||
| 490 | 1 | _a Aranzadi Derecho laboral | |
| 500 | _aDisponible en formato electrónico mediante la aplicación PROVIEW | ||
| 504 | _aBibliografía: p. 191-195 | ||
| 541 | _cCompra | ||
| 650 | 4 |
_aFOGASA _930871 |
|
| 650 | 4 |
_aindemnización _930642 |
|
| 650 | 4 |
_apago de prestaciones _930465 |
|
| 650 | 4 |
_aprocedimiento administrativo _930919 |
|
| 650 | 4 |
_aresponsabilidad del Estado _931208 |
|
| 650 | 4 |
_aresponsabilidad civil _929046 |
|
| 650 | 4 |
_acompetencia legal _929890 |
|
| 650 | 4 |
_adoctrina jurídica _930888 |
|
| 650 | 4 |
_aderecho del trabajo _927165 |
|
| 650 | 4 |
_aderecho jurisprudencial _929863 |
|
| 650 | 4 |
_aEspaña _926964 |
|
| 653 | 1 | 0 | _aDerecho del trabajo y Seguridad Social |
| 830 | 0 |
_aAranzadi Derecho laboral _939476 |
|
| 856 | 4 |
_uhttps://legalteca.aranzadilaley.es/my-library?sponsor=82111144-IP _yLegalteca |
|
| 902 | _aLIB Libro | ||
| 942 |
_2CES _cBK _h6.0.1. |
||